[Event "Kashem Chowdhury Rating-A 2019"]
[Site "Dhaka"]
[Date "2019.05.06"]
[Round "3.7"]
[White "Sumit, Kumar"]
[Black "Alam, Monjur"]
[Result "1-0"]
[WhiteElo "2201"]
[BlackElo "2031"]
[Annotator "NA"]
[PlyCount "65"]
[EventDate "2019.05.04"]
[EventType "swiss"]
[EventCountry "BAN"]
[SourceTitle "playchess.com"]
[Source "ChessBase"]
[SourceQuality "1"]
[TimeControl "5400+30"]

{[%evp 10,63,-8,-16,-22,-10,-8,-34,-35,-37,-9,-43,-14,32767,-17,-11,0,-12,32767,32767,32767,32767,32767,32767,100,97,95,88,107,134,148,32767,32767,32767,269,295,32767,173,301,32767,32767,387,32767,443,397,526,539,639,969,1261,1825,32767,2532,32767,2372,2474]} 1. e4 {[%emt 0:00:00]} e6 {[%emt 0:23:45]} 2. d3 {[%emt 0:00:01]} d5 {[%emt 0:00:20]} 3. Nd2 {[%emt 0:00:06]} Nf6 {[%emt 0:00:40]} 4. Ngf3 {[%emt 0:00:11]} Be7 {[%emt 0:00:31]} 5. g3 {[%emt 0:00:38]} c5 {[%emt 0:01:33]} 6. Bg2 {[%emt 0:00:10]} Nc6 {[%emt 0:00:16]} 7. O-O {[%emt 0:00:18]} O-O {[%emt 0:00:22]} 8. e5 {[%emt 0:00:18]} Nd7 {[%emt 0:04:17]} 9. Re1 {[%emt 0:00:07]} Re8 {[%emt 0:00:26]} 10. Nf1 {[%emt 0:00:25]} Qc7 {[%emt 0:01:35]} 11. Qe2 {[%emt 0:05:19] C00: French: Unusual White 2nd moves} Nf8 {[%emt 0:01:00]} (11... b5 12. Bf4 a5 13. Ne3 Qb6 14. c3 Ba6 15. h4 Rad8 16. h5 d4 17. Ng4 c4 18. dxc4 bxc4 19. cxd4 {0-1 (33) Bachmann,A (2566)-Zambrana,O (2467) Luque 2012}) 12. h4 {[%emt 0:01:43]} b5 $146 {[%emt 0:08:52]} ({Predecessor:} 12... f6 13. exf6 Bxf6 14. Ng5 Nd4 15. Qd1 Rd8 16. c3 {½-½ (16) Rambousek,J (1999)-Frolik,M (2192) Czech Republic 2018}) 13. N1h2 {[%emt 0:02:56]} Bb7 {[%emt 0:10:00]} 14. h5 {[%emt 0:06:47]} d4 {[%emt 0:03:10]} 15. h6 {[%emt 0:04:45]} g6 {[%emt 0:00:20]} 16. Bg5 {[%emt 0:04:41]} Nb4 {[%emt 0:05:02]} 17. c3 {[%emt 0:23:50]} dxc3 {[%emt 0:00:37]} 18. bxc3 {[%emt 0:00:04]} Nd5 {[%emt 0:01:00]} 19. c4 {[%emt 0:02:48]} bxc4 {[%emt 0:02:39]} 20. dxc4 {[%emt 0:00:05]} Nb6 {[%emt 0:00:26]} 21. Bxe7 {[%emt 0:03:19]} Rxe7 {[%emt 0:02:38]} (21... Qxe7 {was worth a try.} 22. Nd2 Bxg2) 22. Ng4 {[%emt 0:00:49]} Nfd7 {[%emt 0:01:50]} 23. Red1 {[%emt 0:03:46]} Rb8 {[%emt 0:01:09]} (23... Rf8 $142 24. Ng5 Bxg2 25. Kxg2 f6) 24. Qe3 {[%emt 0:08:07]} Qc8 {[%emt 0:02:31]} 25. Qf4 {[%emt 0:03:37]} Qf8 {[%emt 0:00:40]} 26. Rd6 {[%emt 0:01:29]} Ba6 {[%emt 0:04:42]} 27. Rad1 {[%emt 0:01:05]} Kh8 {[%emt 0:02:50]} 28. Ng5 {[%emt 0:06:26]} Rc8 {[%emt 0:01:06]} 29. Bc6 {[%emt 0:02:08]} Rc7 {[%emt 0:01:31]} 30. Nf6 {[%emt 0:00:43]} Bc8 {[%emt 0:01:25]} 31. Ngxh7 {[%emt 0:01:38]} Qd8 {[%emt 0:01:23]} 32. Nxd7 $18 {[%emt 0:00:38]} Nxd7 {[%emt 0:00:29]} 33. Nf6 {[%emt 0:00:16]} 1-0

[Event "Kashem Chowdhury Rating-A 2019"]
[Site "Dhaka"]
[Date "2019.05.06"]
[Round "3.8"]
[White "Subrota, Biswas"]
[Black "Ahmed, Sk. Nasir"]
[Result "1-0"]
[WhiteElo "2086"]
[BlackElo "2170"]
[Annotator "NA"]
[PlyCount "65"]
[EventDate "2019.05.04"]
[EventType "swiss"]
[EventCountry "BAN"]
[SourceTitle "playchess.com"]
[Source "ChessBase"]
[SourceQuality "1"]
[TimeControl "5400+30"]

1. d4 {[%emt 0:04:25]} Nf6 {[%emt 0:00:00]} 2. Nf3 {[%emt 0:00:10]} e6 {[%emt 0:00:11]} 3. c4 {[%emt 0:01:21]} Bb4+ {[%emt 0:00:13]} 4. Nbd2 {[%emt 0:01:31]} d5 {[%emt 0:08:33]} 5. e3 {[%emt 0:04:10]} O-O {[%emt 0:00:58]} 6. Bd3 {[%emt 0:04:09]} b6 {[%emt 0:07:19]} 7. O-O {[%emt 0:03:09]} Bb7 {[%emt 0:01:41]} 8. Ne5 {[%emt 0:11:36] E14: Queen's Indian: Classical Variation (4 e3)} (8. a3 Be7 9. b4 c5 10. bxc5 bxc5 11. Rb1 Qc8 12. cxd5 Nxd5 13. Qc2 Nf6 14. dxc5 Na6 15. Bb2 Nxc5 16. Bxf6 gxf6 17. Bxh7+ Kg7 18. Rfc1 f5 19. Bxf5 exf5 {1-0 (47) Kramnik,V (2779)-Martinez Alcantara,J (2565) Batumi 2018}) 8... c5 {[%emt 0:05:50]} 9. a3 $146 {[%emt 0:08:43]} ({Predecessor:} 9. Ndf3 cxd4 10. exd4 dxc4 11. Bxc4 Bd5 12. a3 Be7 13. Qe2 Nc6 14. Rd1 Bxc4 15. Qxc4 Na5 {½-½ (56) Valencia Jimenez,J (2068)-Schnelzer,R (2230) Barcelona 2015}) 9... Bxd2 {[%emt 0:00:30]} 10. Qxd2 {[%emt 0:00:04]} Qd6 {[%emt 0:06:53]} 11. b3 {[%emt 0:06:14]} dxc4 {[%emt 0:06:32]} 12. bxc4 {[%emt 0:00:19]} Nc6 {[%emt 0:02:43]} 13. Bb2 {[%emt 0:00:29]} Rfd8 {[%emt 0:06:43]} 14. Rad1 {[%emt 0:01:13]} cxd4 {[%emt 0:22:34]} 15. exd4 {[%emt 0:00:08]} Nxe5 {[%emt 0:01:24]} 16. dxe5 {[%emt 0:00:17]} Qc6 {[%emt 0:00:06]} 17. f3 {[%emt 0:03:42]} Qc5+ {[%emt 0:00:24]} 18. Kh1 {[%emt 0:01:57]} Nd7 {[%emt 0:00:15]} 19. Qg5 {[%emt 0:10:42]} h6 {[%emt 0:08:53]} 20. Qh4 {[%emt 0:02:24]} Qf8 {[%emt 0:01:54]} 21. Bd4 {[%emt 0:07:56]} Kh8 {[%emt 0:04:13]} 22. f4 {[%emt 0:07:27]} Nc5 {[%emt 0:01:20]} ({Of course not} 22... Qxa3 $6 23. f5 $16) 23. Bc2 {[%emt 0:05:33]} Re8 {[%emt 0:06:01]} 24. Qh3 $14 {[%emt 0:05:11]} g6 {[%emt 0:04:59]} 25. f5 {[%emt 0:01:12]} exf5 {[%emt 0:00:46]} 26. Rxf5 {[%emt 0:03:38]} Ne6 {[%emt 0:00:23]} 27. Be3 {[%emt 0:00:51]} Kh7 {[%emt 0:01:24]} 28. Rh5 {[%emt 0:00:17]} Kg8 {[%emt 0:00:44]} 29. Bxh6 {[%emt 0:00:51]} Ng7 {[%emt 0:00:12]} 30. Rg5 {[%emt 0:00:50]} Bc8 {[%emt 0:00:48]} 31. Qg3 {[%emt 0:00:39]} Be6 {[%emt 0:00:23]} 32. Bxg7 {[%emt 0:00:55]} Qxg7 {[%emt 0:00:19]} 33. Bxg6 {[%emt 0:04:27]} 1-0

[Event "Kashem Chowdhury Rating-A 2019"]
[Site "Dhaka"]
[Date "2019.05.06"]
[Round "3.9"]
[White "Mohammad, Javed"]
[Black "Abdul, Momin"]
[Result "1-0"]
[WhiteElo "2152"]
[BlackElo "2037"]
[Annotator "NA"]
[PlyCount "75"]
[EventDate "2019.05.04"]
[EventType "swiss"]
[EventCountry "BAN"]
[SourceTitle "playchess.com"]
[Source "ChessBase"]
[SourceQuality "1"]
[TimeControl "5400+30"]

1. e4 {[%emt 0:00:00]} c5 {[%emt 0:14:41]} 2. Nf3 {[%emt 0:00:15]} d6 {[%emt 0:00:07]} 3. d4 {[%emt 0:00:25]} cxd4 {[%emt 0:00:01]} 4. Nxd4 {[%emt 0:00:08]} Nf6 {[%emt 0:00:04]} 5. Nc3 {[%emt 0:00:12]} a6 {[%emt 0:00:01]} 6. Bg5 {[%emt 0:00:23]} e6 {[%emt 0:00:14]} 7. f4 {[%emt 0:00:09]} Nbd7 {[%emt 0:00:46]} 8. Qe2 {[%emt 0:01:06]} Qc7 {[%emt 0:01:19]} 9. O-O-O {[%emt 0:00:56]} b5 {[%emt 0:02:15]} 10. a3 {[%emt 0:14:39] B96: Sicilian Najdorf: 6 Bg5 e6 7 f4, lines other than 7...Qb6 and 7...Be7} Rb8 {[%emt 0:06:34]} (10... Bb7 11. g4 h6 12. Bh4 Be7 13. Be1 Rc8 14. Bg2 Qc4 15. Qd2 Nxg4 16. Rg1 b4 17. axb4 Qxb4 {1-0 (36) Tsydypov,Z (2529)-Nepomniachtchi,I (2763) St Petersburg 2018}) 11. Nd5 {[%emt 0:05:34]} (11. g4 $11) 11... exd5 {[%emt 0:04:24]} 12. exd5+ {[%emt 0:00:26]} Be7 $1 {[%emt 0:00:07] [#]} 13. Nc6 $1 {[%emt 0:01:15] Double Attack} Nc5 $2 $146 {[%emt 0:00:19]} ({Predecessor:} 13... Nb6 $15 {stays ahead.} 14. Bxf6 gxf6 15. Qh5 Bd7 16. Nxb8 Qxb8 17. Bd3 h6 {0-1 (46) Khlopov,S (2131)-Tsenkov,L (2396) LSS email 2012}) 14. Bxf6 {[%emt 0:02:15]} gxf6 {[%emt 0:00:23]} 15. Nxb8 {[%emt 0:10:28]} Qxb8 {[%emt 0:00:01]} 16. Re1 {[%emt 0:00:16]} Qc7 {[%emt 0:00:31]} 17. g4 {[%emt 0:00:17]} f5 {[%emt 0:01:34]} 18. g5 {[%emt 0:02:07]} Ne4 {[%emt 0:03:25]} 19. Bg2 {[%emt 0:00:46]} Nc5 {[%emt 0:17:17]} (19... O-O $11) 20. h4 {[%emt 0:00:28]} Kd8 {[%emt 0:15:46]} 21. Rh3 {[%emt 0:00:50]} Bb7 $2 {[%emt 0:07:46]} (21... Re8 22. Re3 Qb7) 22. Rc3 {[%emt 0:04:44]} Qd7 {[%emt 0:00:29]} 23. b4 {[%emt 0:00:34]} Na4 {[%emt 0:02:14] [#]} 24. Qxe7+ $1 {[%emt 0:04:02]} Qxe7 {[%emt 0:00:12]} 25. Rxe7 {[%emt 0:01:10]} Bxd5 $2 {[%emt 0:00:19]} (25... Kxe7 26. Rc7+ {[%mdl 64] Double Attack} Kf8) 26. Rcc7 {[%emt 0:07:46]} Bxg2 {[%emt 0:00:14]} 27. Red7+ {[%emt 0:01:22]} Ke8 {[%emt 0:00:12]} 28. Rxd6 {[%emt 0:00:48]} Be4 {[%emt 0:02:58]} 29. h5 {[%emt 0:01:29]} Rf8 {[%emt 0:03:25]} 30. h6 {[%emt 0:05:50]} Bf3 {[%emt 0:02:06]} 31. Rd3 {[%emt 0:00:21]} Be4 {[%emt 0:03:24]} 32. Rd6 {[%emt 0:02:29]} Bf3 {[%emt 0:00:25]} 33. g6 {[%emt 0:01:10]} fxg6 {[%emt 0:02:19]} 34. Rxh7 {[%emt 0:00:18]} Nc3 {[%emt 0:07:51]} 35. Rhd7 $18 {[%emt 0:03:55]} (35. Rb6 $142 Ne2+ 36. Kb2 Rf7 37. Rb8+ Ke7 38. Rxf7+ Kxf7 39. h7 Nxf4 40. h8=Q) 35... Ne2+ {[%emt 0:03:04]} 36. Kd2 {[%emt 0:00:26]} Nxf4 {[%emt 0:00:37]} 37. Rd8+ {[%emt 0:00:59]} Ke7 {[%emt 0:01:06]} 38. R6d7+ {[%emt 0:28:42]} 1-0

[Event "Kashem Chowdhury Rating-A 2019"]
[Site "Dhaka"]
[Date "2019.05.06"]
[Round "3.10"]
[White "Md Aminul Islam"]
[Black "Hossain, Showkat Pollab"]
[Result "1-0"]
[WhiteElo "2012"]
[BlackElo "2150"]
[Annotator "NA"]
[PlyCount "82"]
[EventDate "2019.05.04"]
[EventType "swiss"]
[EventCountry "BAN"]
[SourceTitle "playchess.com"]
[Source "ChessBase"]
[SourceQuality "1"]
[TimeControl "5400+30"]

1. Nf3 {[%emt 0:00:00]} f5 {[%emt 0:35:54]} 2. d4 {[%emt 0:02:30]} Nf6 {[%emt 0:00:37]} 3. g3 {[%emt 0:00:32]} g6 {[%emt 0:00:02]} 4. Bg2 {[%emt 0:00:08]} Bg7 {[%emt 0:00:02]} 5. O-O {[%emt 0:00:23]} O-O {[%emt 0:00:01]} 6. c4 {[%emt 0:01:24]} d6 {[%emt 0:00:01]} 7. Nc3 {[%emt 0:03:23]} c6 {[%emt 0:00:13]} 8. Bf4 {[%emt 0:20:50]} Qe8 {[%emt 0:03:31] A88: Dutch Defence: Leningrad System: 5 Nf3 0-0 6 0-0 d6 7 Nc3 c6} (8... Na6 9. Qd2 Nc7 10. Rac1 Rb8 11. d5 c5 12. a4 a6 13. Rb1 Bd7 14. a5 Na8 15. Ra1 b6 16. axb6 {½-½ (62) Siikaluoma,A (2551)-Shablinsky,M (2439) ICCF email 2009}) 9. Qc1 {[%emt 0:03:10]} Ng4 $146 {[%emt 0:07:02]} ({Predecessor:} 9... Na6 10. Rd1 Bd7 11. b3 Rc8 12. Qe3 Nh5 13. Rac1 Nxf4 14. gxf4 {½-½ (41) Dvorak,A (2230)-Vyskocil,N (2376) Brno 2015}) 10. d5 {[%emt 0:07:23]} Nd7 {[%emt 0:04:34]} 11. Be3 {[%emt 0:07:32]} (11. Rd1 $14) 11... e5 {[%emt 0:04:23]} 12. dxe6 $1 {[%emt 0:03:21]} Nde5 {[%emt 0:01:10]} 13. b3 {[%emt 0:04:28]} Bxe6 {[%emt 0:01:24]} (13... Nxf3+ $15 14. exf3 Nxe3 15. Qxe3 Bxe6) 14. Rd1 {[%emt 0:02:55]} (14. Bd2 $11) 14... Nxe3 {[%emt 0:01:44]} 15. Qxe3 {[%emt 0:00:14]} Ng4 {[%emt 0:00:26]} 16. Qd3 {[%emt 0:01:19]} Rd8 {[%emt 0:00:56]} 17. e3 {[%emt 0:02:59]} Qe7 {[%emt 0:01:01]} 18. Rac1 {[%emt 0:04:18]} h6 {[%emt 0:01:39]} 19. Nd4 {[%emt 0:03:55]} Bc8 {[%emt 0:00:47]} 20. a4 {[%emt 0:02:00]} a6 {[%emt 0:02:14]} 21. b4 {[%emt 0:00:28]} Kh7 {[%emt 0:02:38]} 22. b5 {[%emt 0:00:23]} axb5 {[%emt 0:02:19]} 23. axb5 {[%emt 0:00:05]} Ne5 {[%emt 0:01:55]} 24. Qe2 {[%emt 0:01:38]} c5 {[%emt 0:02:31]} 25. Nf3 {[%emt 0:00:21]} Nd7 {[%emt 0:01:19]} 26. Nd5 {[%emt 0:00:46]} Qf7 {[%emt 0:00:38]} 27. Ne1 {[%emt 0:02:19]} Rfe8 {[%emt 0:01:00]} 28. Nd3 {[%emt 0:00:43]} Ne5 {[%emt 0:01:05]} 29. h4 $16 {[%emt 0:03:45]} g5 {[%emt 0:02:42]} 30. hxg5 {[%emt 0:07:06]} hxg5 {[%emt 0:00:02]} 31. f4 {[%emt 0:00:41]} Ng4 {[%emt 0:00:39]} 32. fxg5 {[%emt 0:01:35]} Nxe3 {[%emt 0:02:31]} 33. N3f4 {[%emt 0:00:37]} Nxd1 {[%emt 0:01:58]} 34. Qxd1 {[%emt 0:00:06]} Bd4+ {[%emt 0:00:23]} 35. Kh2 {[%emt 0:02:07]} Rh8 {[%emt 0:02:42]} 36. Bf3 {[%emt 0:12:36]} Kg7+ {[%emt 0:00:39]} 37. Kg2 {[%emt 0:00:00]} Be6 {[%emt 0:02:19]} 38. g6 {[%emt 0:00:00]} Qg8 {[%emt 0:00:53]} 39. Ne7 {[%emt 0:00:00]} Bxc4 {[%emt 0:05:28]} 40. Nxg8 {[%emt 0:00:00]} Rhxg8 {[%emt 0:00:08]} 41. Rxc4 {[%emt 0:02:30]} Rh8 {[%emt 0:09:00]} 1-0

[Event "Kashem Chowdhury Rating-A 2019"]
[Site "Dhaka"]
[Date "2019.05.07"]
[Round "4.1"]
[White "Islam, Kh. Aminul"]
[Black "Hossain, Enamul"]
[Result "1/2-1/2"]
[WhiteElo "2229"]
[BlackElo "2442"]
[Annotator "TA"]
[PlyCount "30"]
[EventDate "2019.05.04"]
[EventType "swiss"]
[EventCountry "BAN"]
[SourceTitle "playchess.com"]
[Source "ChessBase"]
[SourceQuality "1"]

{[%evp 14,30,0,0,48,37,37,33,80,68,71,70,109,64,39,-17,-19,-13,-12]} 1. Nf3 c5 2. c4 g6 3. g3 Bg7 4. Bg2 Nc6 5. Nc3 {[%cal Bb1c3,Bc3e4,Be4d6][%mdl 32]} e6 6. d4 Nxd4 7. Nxd4 cxd4 8. Ne4 Ne7 {A37: Symmetrical English vs ...g6: 4 Bg2 Bg7 5 Nf3} (8... d5 $5 {[%cal Rd5e4]} 9. Qa4+ Kf8 10. Qa3+ Qe7 $11) 9. Nd6+ {[%mdl 1088] [#] Discovered Attack. White has compensation.} Kf8 10. Qb3 Qb6 $146 {White is slightly better.} ({Predecessor:} 10... Nc6 11. O-O h5 12. Bf4 Kg8 13. c5 h4 14. Rac1 b6 15. Qf3 h3 16. Bh1 {1-0 (28) Petrosian,T (2639)-Kotanjian,T (2531) Yerevan 2014}) 11. Qa3 a5 12. Bd2 d3 13. Nxc8 Rxc8 14. Bxa5 ({White should try} 14. exd3 $14 Bxb2 15. Rb1 Qxf2+ 16. Kxf2 Bxa3 17. Bxb7 (17. Rxb7 d5 $14)) 14... Qxb2 $11 15. Qxb2 Bxb2 1/2-1/2

[Event "Kashem Chowdhury Rating-A 2019"]
[Site "Dhaka"]
[Date "2019.05.07"]
[Round "4.2"]
[White "Sonkalan Bharati"]
[Black "Mohammad Minhaz Uddin"]
[Result "1/2-1/2"]
[WhiteElo "2122"]
[BlackElo "2294"]
[Annotator "TA"]
[PlyCount "20"]
[EventDate "2019.05.04"]
[EventType "swiss"]
[EventCountry "BAN"]
[SourceTitle "playchess.com"]
[Source "ChessBase"]
[SourceQuality "1"]

{[%evp 9,20,43,44,47,62,68,47,59,33,59,52,51,58]} 1. e4 e5 2. d4 Nf6 3. dxe5 Nxe4 4. Bc4 c6 5. Qe2 Nc5 $1 {White is slightly better.} 6. Nf3 {C24: Bishop's Opening: 2...Nf6} (6. a3 d5 7. exd6+ Ne6 8. Nf3 Bxd6 9. Ng5 Qe7 10. Nxe6 Bxe6 11. Bxe6 fxe6 12. Nd2 O-O {½-½ (64) Fedorov,A (2601)-Mamedyarov,S (2646) Moscow 2004}) 6... b5 7. Bb3 a5 $146 {[#] White must now prevent ...a4.} ({Predecessor:} 7... Be7 8. O-O O-O 9. Bf4 Re8 10. Re1 Nba6 11. Nbd2 Nc7 12. Ne4 Nxe4 13. Qxe4 {1-0 (66) Sikora,J (2226)-Kratochvil,M (2215) Czech Republic 2018}) 8. Ng5 Nxb3 9. axb3 Be7 10. Ne4 $1 O-O $1 1/2-1/2

[Event "Kashem Chowdhury Rating-A 2019"]
[Site "Dhaka"]
[Date "2019.05.07"]
[Round "4.3"]
[White "Rahman, Ziaur"]
[Black "Mohammad, Javed"]
[Result "*"]
[WhiteElo "2485"]
[BlackElo "2152"]
[Annotator "RC"]
[PlyCount "45"]
[EventDate "2019.05.04"]
[EventType "swiss"]
[EventCountry "BAN"]
[SourceTitle "playchess.com"]
[Source "ChessBase"]
[SourceQuality "1"]
[TimeControl "5400+30"]

1. d4 {[%emt 0:00:00]} c5 {[%emt 0:00:35]} 2. d5 {[%emt 0:00:21]} e6 {[%emt 0:00:19]} 3. e4 {[%emt 0:00:18]} d6 {[%emt 0:02:56]} 4. Nc3 {[%emt 0:00:32]} Nf6 {[%emt 0:02:09]} 5. Bb5+ {[%emt 0:02:53]} Bd7 {[%emt 0:01:31]} 6. a4 {[%emt 0:02:55]} exd5 {[%emt 0:09:01]} 7. exd5 {[%emt 0:00:54]} Be7 {[%emt 0:01:14]} 8. Nge2 {[%emt 0:00:46]} O-O {[%emt 0:01:44]} 9. O-O {[%emt 0:00:13]} Na6 {[%emt 0:08:18]} 10. Bxa6 {[%emt 0:04:08]} bxa6 {[%emt 0:00:02]} 11. Ng3 {[%emt 0:00:42]} Rb8 {[%emt 0:02:09]} 12. Qd3 {[%emt 0:02:24]} Ng4 {[%emt 0:02:01]} 13. Qxa6 {[%emt 0:02:40]} Rb4 {[%emt 0:08:54]} 14. Nb5 {[%emt 0:09:43]} Nf6 {[%emt 0:31:25]} 15. c3 {[%emt 0:01:35]} Rh4 {[%emt 0:02:05]} 16. Bg5 {[%emt 0:01:29]} Bxb5 {[%emt 0:04:33]} 17. axb5 {[%emt 0:00:53]} Rg4 {[%emt 0:00:09]} 18. Bxf6 {[%emt 0:00:34]} Bxf6 {[%emt 0:00:03]} 19. Qxa7 {[%emt 0:00:25]} Be5 {[%emt 0:00:08]} 20. Ra4 {[%emt 0:02:34]} f5 {[%emt 0:04:19]} 21. Rxg4 {[%emt 0:08:48]} fxg4 {[%emt 0:00:02]} 22. b6 {[%emt 0:00:20]} Qa8 {[%emt 0:04:14]} 23. Nf5 {[%emt 0:01:23]} *

[Event "Kashem Chowdhury Rating-A 2019"]
[Site "Dhaka"]
[Date "2019.05.07"]
[Round "4.3"]
[White "Rahman, Ziaur"]
[Black "Mohammad, Javed"]
[Result "1-0"]
[WhiteElo "2485"]
[BlackElo "2152"]
[Annotator "TA"]
[PlyCount "27"]
[EventDate "2019.05.04"]
[EventType "swiss"]
[EventCountry "BAN"]
[SourceTitle "playchess.com"]
[Source "ChessBase"]
[SourceQuality "1"]

{[%evp 9,45,41,43,37,35,29,38,36,40,43,45,43,41,35,33,13,43,39,101,88,112,99,229,223,381,371,368,347,328,302,500,304,531,441,440,436,641,627]} 1. d4 c5 2. d5 e6 3. e4 d6 4. Nc3 Nf6 5. Bb5+ Bd7 6. a4 {A43: Schmid Benoni} exd5 7. exd5 Be7 8. Nge2 {White is slightly better.} (8. Nf3 O-O 9. h3 Re8 10. O-O Na6 11. Nd2 Nb4 12. Nc4 Rb8 13. Ne3 Bf8 14. Bc4 g6 15. Nb1 Bg7 16. c3 Na6 17. Na3 Nc7 18. Nb5 Nxb5 19. Bxb5 a6 20. Bxd7 Nxd7 21. a5 {½-½ (21) Campos Moreno,J (2413)-Munoz Pantoja,M (2497) Castell de Sant Ferran 2017}) 8... O-O 9. O-O Na6 $146 ({Predecessor:} 9... Re8 10. Ng3 Bf8 11. Bg5 a6 12. Bd3 h6 13. Bf4 {1-0 (50) Malo Guillen,J (2183)-Antonano Fedz Quincoces,A (2144) Spain 2011}) 10. Bxa6 bxa6 11. Ng3 Rb8 12. Qd3 Ng4 13. Qxa6 Rb4 (13... f5 $14) 14. Qxa7 {Played: Nc3-b5} 1-0

[Event "Kashem Chowdhury Rating-A 2019"]
[Site "Dhaka"]
[Date "2019.05.07"]
[Round "4.4"]
[White "Mohammad Fahad, Rahman"]
[Black "Sumit, Kumar"]
[Result "1/2-1/2"]
[WhiteElo "2322"]
[BlackElo "2201"]
[Annotator "NA"]
[PlyCount "60"]
[EventDate "2019.05.04"]
[EventType "swiss"]
[EventCountry "BAN"]
[SourceTitle "playchess.com"]
[Source "ChessBase"]
[SourceQuality "1"]
[TimeControl "5400+30"]

{[%evp 35,59,-37,-5,-41,-30,-52,32767,32767,0,0,0,0,0,0,0,0,0,0,13,12,16,-20,-20,-26,7,0]} 1. e4 {[%emt 0:02:38]} e5 {[%emt 0:00:00]} 2. Nf3 {[%emt 0:00:30]} Nc6 {[%emt 0:00:00]} 3. Bb5 {[%emt 0:00:30]} a6 {[%emt 0:00:00]} 4. Ba4 {[%emt 0:00:09]} Nf6 {[%emt 0:00:05]} 5. O-O {[%emt 0:00:16]} Be7 {[%emt 0:00:07]} 6. Qe2 {[%emt 0:00:46]} b5 {[%emt 0:00:14]} 7. Bb3 {[%emt 0:00:01]} d6 {[%emt 0:00:15]} 8. c3 {[%emt 0:00:23]} O-O {[%emt 0:00:22]} 9. h3 {[%emt 0:00:18]} Na5 {[%emt 0:01:51]} 10. Bc2 {[%emt 0:00:08]} c5 {[%emt 0:00:19] C86: Closed Ruy Lopez: Worrall Attack} 11. Rd1 {[%emt 0:00:19]} (11. d3 Re8 12. Rd1 h6 13. Nbd2 Bf8 14. Nf1 d5 15. exd5 Qxd5 16. Ng3 Bb7 17. Ne4 Qe6 18. Re1 Nxe4 19. dxe4 {½-½ (51) Bortnyk,O (2610)-Almasi,Z (2682) Riadh 2017}) 11... Qc7 {[%emt 0:00:57]} 12. d3 {[%emt 0:00:40]} Re8 {[%emt 0:07:03]} 13. Nbd2 {[%emt 0:00:32]} Bf8 {[%emt 0:01:22]} 14. Nf1 {[%emt 0:00:07]} g6 {[%emt 0:00:32]} 15. Bg5 {[%emt 0:05:25]} Bg7 {[%emt 0:00:21]} 16. Rac1 $146 {[%emt 0:00:18]} ({Predecessor:} 16. Ne3 Be6 17. Qd2 h6 18. Bxf6 Bxf6 {1-0 (58) Ivic,M (2237)-Godbole,A (2178) Zadar 2017}) 16... Be6 {[%emt 0:03:29]} 17. Bb1 {[%emt 0:01:30]} h6 {[%emt 0:18:48]} 18. Be3 {[%emt 0:04:10]} (18. Bxf6 $5 Bxf6 19. b4 $11) 18... Rad8 {[%emt 0:09:27]} 19. Ng3 {[%emt 0:05:11]} (19. b4 $5 {[%cal Rb4a5]} Nb7 20. Ng3 $11) 19... d5 {[%emt 0:07:53]} 20. b3 {[%emt 0:02:18]} dxe4 {[%emt 0:02:15]} 21. dxe4 {[%emt 0:00:14]} c4 {[%emt 0:02:45]} 22. b4 {[%emt 0:00:20]} Nc6 {[%emt 0:00:04]} 23. Bc2 {[%emt 0:01:36]} Rxd1+ {[%emt 0:13:05]} 24. Rxd1 {[%emt 0:00:09]} Rd8 {[%emt 0:00:04]} 25. a4 {[%emt 0:01:39]} Rxd1+ {[%emt 0:01:04]} 26. Qxd1 {[%emt 0:00:08]} Qd7 {[%emt 0:01:02]} 27. Qa1 {[%emt 0:02:56]} Qb7 {[%emt 0:01:11]} 28. Nf1 {[%emt 0:05:07]} Nh5 {[%emt 0:01:55]} 29. Qc1 {[%emt 0:07:30]} g5 {[%emt 0:05:15]} 30. Qd2 $11 {[%emt 0:02:23]} Qd7 {[%emt 0:00:33]} 1/2-1/2